| 000 | 00534nam a22001577a 4500 | ||
|---|---|---|---|
| 003 | OSt | ||
| 005 | 20151030163605.0 | ||
| 008 | 151030b xxu||||| |||| 00| 0 eng d | ||
| 040 | _cRUA | ||
| 082 | _aATM.s CHH 2004 B057 Or.1 | ||
| 100 |
_93079 _aCHHOEUN, PONLEU. |
||
| 245 | _aAgricultural development in periphery of siem reap, ការអភិវឌ្ឍន៍កសិកម្ម ជុំវិញទីក្រុងសៀមរាប | ||
| 260 |
_aPhnom Penh _bRUA _c2004 |
||
| 300 |
_a48p. _bill. _c29cm. |
||
| 942 |
_2ddc _cATMSP |
||
| 999 |
_c2869 _d2869 |
||